| 000 | 01439cad a22002295a 4500 | ||
|---|---|---|---|
| 001 | L139833 | ||
| 008 | 070813e20070809xxk f f000 0 eng d | ||
| 035 | _a(Sirsi) u139833 | ||
| 041 | 0 | _aeng | |
| 050 | 0 | 4 | _a333.72 $2 18 |
| 110 | 1 |
_aUnited Kingdom _bHouse of Commons _bSelect Committee on Education and Skills _95316 |
|
| 245 | 0 | 0 |
_aSustainable schools _bare we building schools for the future? _bseventh report of session 2006-07 _h[electronic resource] |
| 260 |
_aLondon _bTSO _c2007 |
||
| 490 | 0 |
_aHC _v140-I |
|
| 520 | _aReports on progress with the Building Schools for the Future (BSF) project and recommends areas for improvement. Under the BSF programme, 100 schools were due to be open by the end of 2007. However, with delays across the board the first BSF school is due to open in September 2007. This report examines three key areas of the programme; the effectiveness of the planning and procurement process, whether sustainability has a high enough profile, and whether educational transformation lies at the heart of the process. Also questions whether BSF is the best way to spend £45bn on education. | ||
| 590 | _aKA NTK | ||
| 650 | 2 | 4 | _aDFES BUILDING SCHOOLS FOR THE FUTURE |
| 651 | 4 |
_aEngland _y886- |
|
| 690 | _aBUILT ENVIRONMENT-SUSTAINABLE CONSTRUCTION | ||
| 856 | 4 | 0 |
_uhttps://www.publications.parliament.uk/pa/cm/cmeduski.htm _zView the report free of charge at www.publications.parliament.uk... |
| 942 | _n0 | ||
| 999 |
_c107361 _d107361 |
||